| 000 | 00449nam a2200157Ia 4500 | ||
|---|---|---|---|
| 008 | 220216s9999 xx 000 0 und d | ||
| 100 | _aStevens M R | ||
| 245 | 0 | _aMapping the Sw-5 locus for tomato spotted wilt virus resistance in tomatoes using RAPD and RFLP analyses | |
| 260 |
_bTheoretical and Applied Genetics _c1995 |
||
| 300 | _a451-456 | ||
| 650 | _aRAPD | ||
| 650 | _aRFLP | ||
| 700 | _aLamb E M | ||
| 700 | _aRhoads D D | ||
| 942 | _cJS | ||
| 999 |
_c62568 _d62568 |
||